MARC

LEADER 00000nam0a2200000 4500
001 316451
005 20231102002858.0
035 |a (RuTPU)RU\TPU\book\341889 
090 |a 316451 
100 |a 20160322d1982 km y0rusy50 ca 
101 0 |a rus 
102 |a RU 
105 |a a z 001zy 
200 1 |a Информация и информационные системы  |f А. К. Айламазян 
210 |a Москва  |c Радио и связь  |d 1982 
215 |a 161 с.  |c ил. 
320 |a Библиогр.: с. 157-160 
606 1 |a Информатика  |2 stltpush  |3 (RuTPU)RU\TPU\subj\12879 
606 1 |a Информационные системы  |2 stltpush  |3 (RuTPU)RU\TPU\subj\12940  |9 39638 
610 1 |a информация 
610 1 |a микрофильмирование 
610 1 |a проектирование 
610 1 |a экономическая эффективность 
610 1 |a анализ 
610 1 |a моделирование 
675 |a 621.391  |v 3 
686 |a Ч23  |v LBC/SL-A  |2 rubbk 
700 1 |a Айламазян  |b А. К.  |g Альфред Карлович 
801 1 |a RU  |b 63413507  |c 20160322 
801 2 |a RU  |b 63413507  |c 20200605  |g RCR 
942 |c BK